KUTNAR - Izolace spodní stavby /

Other Authors: Káně, Luboš, 1962-
Language: Czech
Published: [Praha] : DEKTRADE, 2009
Series: Skladby a detaily
Subjects:
Physical Description: 63 s. : il., plány ; 19 cm
Book
Saved in:
LEADER 01289nam a2200373 a 4500
001 nkc20091868326
003 CZ PrNK
005 20220127091606.0
007 ta
008 090430s2009 xr ae e f 000 0 cze
015 |a cnb001868326 
020 |a 978-80-87215-03-6  |q (brož.)  |z 978-80-872150-3-6 
035 |a (OCoLC)403712446 
040 |a ABA001  |b cze 
072 7 |a 699.8  |x Ochrana budov  |2 Konspekt  |9 19 
080 |a 699.822/.826  |2 MRF 
080 |a (035)  |2 MRF 
245 0 0 |a KUTNAR - Izolace spodní stavby /  |c [autoři Luboš Káně ... et al.] 
246 3 0 |a Izolace spodní stavby 
260 |a [Praha] :  |b DEKTRADE,  |c 2009 
300 |a 63 s. :  |b il., plány ;  |c 19 cm 
490 1 |a Skladby a detaily : konstrukční, technologické a materiálové řešení 
504 |a Obsahuje bibliografii 
650 0 7 |a hydroizolace staveb  |7 ph136890  |2 czenas 
650 0 9 |a waterproofing of buildings  |2 eczenas 
655 7 |a příručky  |7 fd133209  |2 czenas 
655 9 |a handbooks and manuals  |2 eczenas 
700 1 |a Káně, Luboš,  |d 1962-  |7 mzk2009502751  |4 aut 
830 0 |a Skladby a detaily  |0 s 
910 2 |a BOA001  |b 1-1227.798 
990 |a BK 
995 |a 01 
991 |b 200908  |c NOV 
996 6 |b 2610385137  |c 1-1227.798  |l MZK  |r Sklad / do 1 hodiny  |n 7  |p p.v.  |w 000936455  |u 000010  |a 1  |e BOA001  |j MZK50  |s P